| 000 | 00610nam a2200217Ia 4500 | ||
|---|---|---|---|
| 003 | OSt | ||
| 005 | 20220928144554.0 | ||
| 006 | a|||||r|||| 00| 0 | ||
| 007 | ta | ||
| 008 | 220927b |||||||| |||| 00| 0 eng d | ||
| 024 | _a72120 | ||
| 037 | _cTextual | ||
| 040 |
_aSDCL _cSDCL _beng |
||
| 041 |
_2eng _aeng |
||
| 082 | _aT2v275'N6->K6, L6 | ||
| 100 |
_aD'Souza Austin A _9508452 |
||
| 245 | 0 |
_aAnglo- Indian education _b A study of its origins and growth in Bengal up to1960. |
|
| 260 | _c1976 | ||
| 942 |
_hT2v275'N6->K6, L6 _cTEXL _2CC |
||
| 999 |
_c828180 _d828180 |
||